00449nam a2200121Ia 4500008004100000020001500041100002400056245003500080260004400115300001800159999001900177952013100196180205s9999 xx 000 0 und d a9710859382 aRivera, Filomena V. aJose Rizal's immortal legacy / aSan juan CitybNational bookstorec1997 aix, 198 pages c354771d354771 001040aCLbCLcFILd2018-02-05eLibrary Fundl1oDS 675.8 .R621 1997pC0108r2024-10-01 00:00:00s2024-09-27w2018-02-05yBK